00399nam a2200133Ia 4500008004100000040001600041041001200057082001600069100002300085245009300108250001200201260003500213300001700248230917s9999||||xx |||||||||||||| ||und|| e37111aMAIN aEnglish a341.2 J158N aJacobson, Harold K 0aNetworks of interdependence: international organizations and the global political system a1st ed. aNew YorkbAlfred A Knopfc1979 axxiv, 486 p.